000 00458nam a22001697a 4500
005 20231030090859.0
008 231030b |||||||| |||| 00| 0 eng d
020 _a0409040843
041 _aEnglish
082 _a349 OUR
100 _lEnglish
245 _aOur Legal Heritage
260 _aDurban :
_bButterworth & Company (Pty) Ltd,
_c1982
300 _b204 pages ;
_c31 cm.
650 _alegal practice
_bLaw
942 _cBK
_6ALISON_BN_VRIES
999 _c130
_d130